000 00502nam a2200181Ia 4500
008 240925s9999 xx 000 0 und d
020 _a201593777
082 _a004.62 HEG
100 _aHegering, Heinz-Gerd
245 0 _aIntegrated Network and System Management
250 _aNA
260 _aNew York:
_bMIS Press
_c,1994.
300 _axii,491p.
_bNA
_fOriginal
500 _aIncludes Index
600 _aComputer Science
650 _aComputer science, information & general works
942 _cBK
999 _c5665
_d5665